1598 1437 1530 1659 1767 1739 1349 1497 1581 1749 1539 1470 1061 1002 1745 1873 1083 1133 1574 1113 1158 1528 1240 1462 1097 1903 1264 1768 1113 1011 1638 1199 1193 1333 1124 1107 1299 1790 1661 1360 1463 1394 1636 1053 1933 1607 1948 1291 1138 1908 1071 1546 1652 1910 1588 1070 1533 1778 1627 1918 1895 1129 1331 1984 1045 1734 1907 1487 1615 1872 1667 1253 1406 1368 1862 1592 1812 1599 1141 1613 1474 1304 1625 1940 1188 1442 1752 1054 1725 1191 1709 1342 1504 1663 1523 1833 1621 1377 1928 BCNSPRNW ULIB Ver.6.0+V

เปลี่ยนเป็นภาษาไทย

Change to English
 แสดงรายละเอียดบรรณานุกรม
  กลับหน้าหลัก

Brief Record : Get Marc (ISO 2709) : E-mail record : QR code < ปิดหน้าต่าง
LEADER : 00000nam 2200000uu 4500
001    13399123164
003     ULIB
008    020711s2551 th a 000 0 tha d
020    97493350284
020    9789748217284
090    นว.^bฬ111จ
100    ฬีฬา
110    ยาหยี-ยาใจ
245    เจ้าหญิงในดวงใจ/^cฬีฬา
250    พิมพ์ครั้งที่ 4
260    กรุงเทพฯ :^bยาหยี-ยาใจ,^c2551
300    143 หน้า;^b21 ซม.
945    ^p120^l0^i034420
999    ^aเกษร โพธิ์สุวรรณ
รายการนี้ยังไม่มีแท็ก
คุณยังไม่ได้ล็อกอิน คุณสามารถมีกิจกรรมร่วมกับเว็บไซต์ได้ แต่ต้องล็อกอินก่อน ::
  ล็อกอิน

รายการสื่อสารสนเทศ

ลำดับที่ ประเภท เลขเรียก/บาร์โค้ด สถานที่ สถานะ
1. นวนิยาย
นวนิยาย
นว. ฬ111จ ฉ.1 
  Barcode: 034420
ห้องสมุดวิทยาเขตสวรรค์ประชารักษ์
►นวนิยาย
บนชั้น
  ขอยืม

รายการใกล้เคียง
    ผู้แต่ง [ฬีฬา]

BibComment


ยังไม่เคยถูกคอมเมนท์

คอมเมนท์ทรัพยากรรายการนี้
  คอมเมนท์: เจ้าหญิงในดวงใจ ฬ..


 Copyright 2026. Bcnsprnw @Library